[Event "Londrina op"]
[Site "Londrina"]
[Date "2024.11.08"]
[Round "1"]
[White "Yoshi, Ingrid Mayumi Da Si"]
[Black "Pinto, Guilherme Cancelier"]
[Result "1-0"]
[WhiteElo "1775"]
[BlackElo "1784"]
[PlyCount "75"]
[EventDate "2024.11.08"]
[EventType "swiss"]
[EventRounds "6"]
[EventCountry "BRA"]
[SourceTitle "CB45_2024"]
[Source "ChessBase"]
[SourceDate "2024.11.06"]
[SourceVersion "1"]
[SourceVersionDate "2024.11.06"]
[SourceQuality "1"]

1. b3 c6 2. Bb2 d5 3. e3 Nf6 4. f4 e6 5. Nf3 Bd6 6. c4 0-0 7. Bd3 dxc4 8. bxc4 Nbd7 9. 0-0 Nc5 10. Be2 b6 11. Nc3 Bb7 12. d3 Qe7 13. Qd2 Rfd8 14. Ne5 Bxe5 15. fxe5 Nfe4 16. Nxe4 Nxe4 17. Qe1 Nc5 18. Bc3 Qg5 19. Rf3 Nxd3 20. Bxd3 Rxd3 21. Bb2 Rad8 22. Rg3 Qe7 23. Bd4 c5 24. Qe2 Ra3 25. Qg4 g6 26. Bb2 Rad3 27. h4 Qd7 28. h5 Rd1+ 29. Kh2 Rxa1 30. hxg6 Rh1+ 31. Kxh1 Qd1+ 32. Kh2 hxg6 33. Qf4 Qd2 34. Qf6 Rd7 35. Bc1 Qc2 36. e4 Rd2 37. Bxd2 Qxd2 38. Rh3 1-0

[Event "Florianopolis Winter op 8th"]
[Site "Florianopolis"]
[Date "2024.07.14"]
[Round "9"]
[White "Pinto, Guilherme Cancelier"]
[Black "Abdalla, Umar Mohammad"]
[Result "1-0"]
[WhiteElo "1772"]
[BlackElo "1609"]
[PlyCount "89"]
[EventDate "2024.07.09"]
[EventType "swiss"]
[EventRounds "9"]
[EventCountry "BRA"]
[SourceTitle "CBM 221 Extra"]
[Source "ChessBase"]
[SourceDate "2024.09.30"]
[SourceVersion "1"]
[SourceVersionDate "2024.09.30"]
[SourceQuality "1"]

1. e4 e5 2. Nf3 Nc6 3. d4 exd4 4. Bc4 Nf6 5. e5 d5 6. Bb5 Ne4 7. Nxd4 Bd7 8. Bxc6 bxc6 9. 0-0 Bc5 10. Be3 Bb6 11. f3 Ng5 12. f4 Ne4 13. Nd2 c5 14. N4b3 Nxd2 15. Qxd2 d4 16. Bf2 0-0 17. c3 dxc3 18. Qxc3 Be6 19. Bxc5 Bxb3 20. Bxb6 cxb6 21. Qxb3 Kh8 22. Rad1 Qe7 23. Kh1 Rae8 24. Qc3 f6 25. exf6 Rxf6 26. Rde1 Qd7 27. Rxe8+ Qxe8 28. Re1 Qf8 29. g3 h6 30. Qe5 Qa8+ 31. Kg1 Qc8 32. Qe8+ Qxe8 33. Rxe8+ Kh7 34. Re7 a5 35. Kf2 Rc6 36. Kf3 Rc2 37. Re2 Rxe2 38. Kxe2 Kg6 39. g4 Kf6 40. a4 Kf7 41. Ke3 Ke7 42. Kd4 Kd7 43. Kd5 g6 44. f5 gxf5 45. gxf5 1-0

[Event "Florianopolis Winter op 8th"]
[Site "Florianopolis"]
[Date "2024.07.13"]
[Round "8"]
[White "Da Silva, Camila Evaristo"]
[Black "Pinto, Guilherme Cancelier"]
[Result "1/2-1/2"]
[WhiteElo "1819"]
[BlackElo "1772"]
[PlyCount "53"]
[EventDate "2024.07.09"]
[EventType "swiss"]
[EventRounds "9"]
[EventCountry "BRA"]
[SourceTitle "CBM 221 Extra"]
[Source "ChessBase"]
[SourceDate "2024.09.30"]
[SourceVersion "1"]
[SourceVersionDate "2024.09.30"]
[SourceQuality "1"]

1. d4 d5 2. Bf4 e6 3. Nf3 Nf6 4. e3 Bd6 5. Bg3 b6 6. Bd3 Bb7 7. c3 0-0 8. Nbd2 c5 9. 0-0 Bxg3 10. hxg3 Nc6 11. Re1 c4 12. Bc2 b5 13. a3 a5 14. Qe2 b4 15. axb4 axb4 16. Reb1 b3 17. Bd1 Qb6 18. e4 Ra2 19. exd5 exd5 20. Nf1 Rfa8 21. Rxa2 bxa2 22. Ra1 Ne4 23. Qc2 Nd8 24. Ne3 Bc6 25. Nd2 Nxd2 26. Qxd2 Ne6 27. Bf3 1/2-1/2

[Event "Florianopolis Winter op 8th"]
[Site "Florianopolis"]
[Date "2024.07.13"]
[Round "7"]
[White "Pinto, Guilherme Cancelier"]
[Black "Cezar, Ricardo de Almeida"]
[Result "0-1"]
[WhiteElo "1772"]
[BlackElo "1891"]
[PlyCount "138"]
[EventDate "2024.07.09"]
[EventType "swiss"]
[EventRounds "9"]
[EventCountry "BRA"]
[SourceTitle "CBM 221 Extra"]
[Source "ChessBase"]
[SourceDate "2024.09.30"]
[SourceVersion "1"]
[SourceVersionDate "2024.09.30"]
[SourceQuality "1"]

1. e4 c6 2. d4 d5 3. e5 Bf5 4. h4 h5 5. Bd3 Bxd3 6. Qxd3 e6 7. Bg5 Be7 8. Nf3 Nh6 9. Bxh6 Rxh6 10. Nbd2 c5 11. c3 Nc6 12. Rc1 Rg6 13. Kf1 Qb6 14. Rb1 cxd4 15. cxd4 Nb4 16. Qa3 Qa6+ 17. Qxa6 Nxa6 18. a3 Kd7 19. g3 Nc7 20. Ke2 Rh6 21. Nh2 Nb5 22. Nb3 b6 23. f4 Bxa3 24. bxa3 Nc3+ 25. Kd3 Nxb1 26. Rxb1 Rg6 27. Nf1 Rc8 28. Rc1 Rxc1 29. Nxc1 Kc6 30. a4 f6 31. Kc3 Rh6 32. Nd3 Kb7 33. Nd2 Rg6 34. Nf1 Rh6 35. Nd2 Kc7 36. Kb3 Rg6 37. Nf1 Rh6 38. Kc3 Kd7 39. Nd2 Rg6 40. Nf1 Rh6 41. Nd2 Ke7 42. Nb4 Rh8 43. Nd3 Rc8+ 44. Kb2 a5 45. f5 fxe5 46. dxe5 b5 47. axb5 Rb8 48. fxe6 Rxb5+ 49. Ka2 Kxe6 50. Nf3 Rb8 51. Nc5+ Kf5 52. Ng5 Rc8 53. Nce6 Kxe5 54. Nxg7 Rh8 55. Nf7+ Kf6 56. Nxh5+ Rxh5 57. Nd6 Ke5 58. Nf7+ Ke6 59. Nd8+ Kf5 60. Nc6 Rh6 61. Nd4+ Ke4 62. Ne2 Ke3 63. Nf4 d4 64. Kb2 d3 65. Kc1 a4 66. Kd1 a3 67. Nd5+ Kd4 68. Nb4 Rb6 69. Na2 Rb1+ 0-1

[Event "Florianopolis Winter op 8th"]
[Site "Florianopolis"]
[Date "2024.07.12"]
[Round "6"]
[White "Balbinotti, Rafael Tiago Busane"]
[Black "Pinto, Guilherme Cancelier"]
[Result "0-1"]
[WhiteElo "1609"]
[BlackElo "1772"]
[PlyCount "76"]
[EventDate "2024.07.09"]
[EventType "swiss"]
[EventRounds "9"]
[EventCountry "BRA"]
[SourceTitle "CBM 221 Extra"]
[Source "ChessBase"]
[SourceDate "2024.09.30"]
[SourceVersion "1"]
[SourceVersionDate "2024.09.30"]
[SourceQuality "1"]

1. c4 c6 2. g3 d5 3. cxd5 cxd5 4. e3 Nf6 5. Ne2 Bg4 6. d3 Bf3 7. Rg1 e6 8. Qa4+ Nc6 9. Nd4 Bh5 10. Nc3 Qc8 11. h3 Be7 12. g4 Bg6 13. h4 h5 14. g5 Nd7 15. Nf3 0-0 16. d4 Nb4 17. Kd2 Nb6 18. Qb3 Nc4+ 19. Bxc4 dxc4 20. Qa4 Nd3 21. Rf1 a6 22. Ne1 b5 23. Qd1 Qc7 24. Nxd3 Bxd3 25. Rh1 e5 26. Qxh5 exd4 27. Nd5 dxe3+ 28. fxe3 Qd6 29. Qf3 Rfd8 30. Nxe7+ Qxe7 31. Ke1 Be4 32. Qf1 Bxh1 33. Qxh1 Ra7 34. Bd2 Rad7 35. Rd1 Qxe3+ 36. Kf1 Rxd2 37. Rxd2 Qxd2 38. Qf3 Qd3+ 0-1

[Event "Florianopolis Winter op 8th"]
[Site "Florianopolis"]
[Date "2024.07.12"]
[Round "5"]
[White "Pinto, Guilherme Cancelier"]
[Black "Gauche, Charles"]
[Result "0-1"]
[WhiteElo "1772"]
[BlackElo "2153"]
[PlyCount "118"]
[EventDate "2024.07.09"]
[EventType "swiss"]
[EventRounds "9"]
[EventCountry "BRA"]
[SourceTitle "CBM 221 Extra"]
[Source "ChessBase"]
[SourceDate "2024.09.30"]
[SourceVersion "1"]
[SourceVersionDate "2024.09.30"]
[SourceQuality "1"]

1. e4 c5 2. c3 Nc6 3. d4 cxd4 4. cxd4 d5 5. exd5 Qxd5 6. Nf3 Bg4 7. Be2 e6 8. 0-0 Nf6 9. h3 Bh5 10. Nc3 Qd6 11. Be3 Be7 12. Rc1 0-0 13. g4 Bg6 14. Qb3 Qb4 15. Qxb4 Nxb4 16. Ne5 Nfd5 17. Nxd5 Nxd5 18. Nxg6 hxg6 19. Bc4 Bd6 20. Bxd5 exd5 21. Bd2 Rfe8 22. Rfe1 Re4 23. Rxe4 dxe4 24. f3 exf3 25. Kf2 Kf8 26. Kxf3 Ke7 27. Bf4 Rh8 28. Bxd6+ Kxd6 29. Kg3 Re8 30. Kf3 g5 31. Rc3 g6 32. Rb3 Re7 33. Ra3 b6 34. Rd3 Kd5 35. Rd2 a5 36. b3 Re4 37. Rc2 Rxd4 38. Ke3 Re4+ 39. Kf3 Rf4+ 40. Ke3 f5 41. gxf5 gxf5 42. Rd2+ Ke5 43. Rg2 Rh4 44. Rxg5 Rxh3+ 45. Kf2 Rh2+ 46. Kf1 Rxa2 47. Rg6 b5 48. Rb6 b4 49. Rb5+ Ke4 50. Rc5 f4 51. Rc1 Ke3 52. Rb1 Kd3 53. Rd1+ Kc2 54. Rd4 Kxb3 55. Rxf4 Rc2 56. Ke1 a4 57. Kd1 Rc3 58. Kd2 a3 59. Rf1 a2 0-1

[Event "Florianopolis Winter op 8th"]
[Site "Florianopolis"]
[Date "2024.07.10"]
[Round "2"]
[White "Esquinelato, Marcos Vinicius Mol"]
[Black "Pinto, Guilherme Cancelier"]
[Result "0-1"]
[WhiteElo "1542"]
[BlackElo "1772"]
[PlyCount "31"]
[EventDate "2024.07.09"]
[EventType "swiss"]
[EventRounds "9"]
[EventCountry "BRA"]
[SourceTitle "CBM 221 Extra"]
[Source "ChessBase"]
[SourceDate "2024.09.30"]
[SourceVersion "1"]
[SourceVersionDate "2024.09.30"]
[SourceQuality "1"]

1. e4 c6 2. Nf3 d5 3. exd5 cxd5 4. d4 Nc6 5. Bd3 Bg4 6. c3 Qc7 7. Be3 e6 8. Nbd2 Bd6 9. 0-0 Bf4 10. b4 Bxe3 11. fxe3 Nf6 12. Qb3 Bxf3 13. Nxf3 0-0 14. Ng5 Ng4 15. Rf4 h5 16. e4 0-1

[Event "BRA-ch Amateurs U1700"]
[Site "Sao Paulo"]
[Date "2024.06.02"]
[Round "7"]
[White "Pinto, Guilherme Cancelier"]
[Black "Santos, Caua Lopes"]
[Result "0-1"]
[WhiteElo "1800"]
[BlackElo "1642"]
[PlyCount "76"]
[EventDate "2024.05.30"]
[EventType "swiss"]
[EventRounds "7"]
[EventCountry "BRA"]
[SourceTitle "CBM 220 Extra"]
[Source "ChessBase"]
[SourceDate "2024.07.31"]
[SourceVersion "1"]
[SourceVersionDate "2024.07.31"]
[SourceQuality "1"]

1. e4 e6 2. d4 d5 3. e5 c5 4. c3 Qb6 5. Nf3 Nc6 6. a3 Nge7 7. b4 cxd4 8. cxd4 Nf5 9. Bb2 Bd7 10. Be2 Be7 11. 0-0 0-0 12. Bd3 h6 13. Bxf5 exf5 14. Nc3 Be6 15. Rc1 Na5 16. Nd2 Rac8 17. Na4 Qb5 18. Rxc8 Rxc8 19. bxa5 Bd7 20. Nc3 Qxb2 21. Nxd5 Bxa3 22. Nf3 Qb5 23. Ne3 Qxa5 24. d5 f4 25. e6 fxe6 26. Ng4 Rc1 27. Qb3 Rxf1+ 28. Kxf1 Qb5+ 29. Qxb5 Bxb5+ 30. Ke1 exd5 31. Nd4 Bc4 32. Nc2 Bc5 33. f3 Kf7 34. Ne5+ Ke6 35. Nxc4 dxc4 36. Kd2 Kd5 37. Kc3 b5 38. g3 b4+ 0-1

[Event "BRA-ch Amateurs U1700"]
[Site "Sao Paulo"]
[Date "2024.05.31"]
[Round "4"]
[White "Tsiloufas, Stergios Pericles"]
[Black "Pinto, Guilherme Cancelier"]
[Result "0-1"]
[WhiteElo "1692"]
[BlackElo "1800"]
[PlyCount "74"]
[EventDate "2024.05.30"]
[EventType "swiss"]
[EventRounds "7"]
[EventCountry "BRA"]
[SourceTitle "CBM 220 Extra"]
[Source "ChessBase"]
[SourceDate "2024.07.31"]
[SourceVersion "1"]
[SourceVersionDate "2024.07.31"]
[SourceQuality "1"]

1. e4 c6 2. d4 d5 3. exd5 cxd5 4. Bd3 Nc6 5. c3 Nf6 6. h3 g6 7. Nf3 Bf5 8. 0-0 Bxd3 9. Qxd3 Bg7 10. Re1 0-0 11. Nbd2 e6 12. Nf1 Ne4 13. N3d2 Nxd2 14. Nxd2 Re8 15. Nf3 Bf8 16. Bf4 Bd6 17. Ne5 Nxe5 18. dxe5 Bf8 19. Qg3 Be7 20. Qg4 Rc8 21. Rad1 Rc4 22. Rd4 Rxd4 23. cxd4 Qa5 24. Rc1 Qxa2 25. Rc7 Qxb2 26. Rxe7 Rxe7 27. Qh4 Re8 28. g4 Qb1+ 29. Kg2 g5 30. Bxg5 Qg6 31. Bf6 b5 32. f4 Rc8 33. Qe1 Rc2+ 34. Kg3 Qd3+ 35. Kh4 Rh2 36. Qa5 Qxh3+ 37. Kg5 Qh6# 0-1